[Event "Petrovskaya Ladya IM"]
[Site "Peterhof RUS"]
[Date "2008.01.08"]
[Round "9"]
[White "Rozum,I"]
[Black "Timofeev,An"]
[Result "1-0"]
[WhiteElo "2410"]
[BlackElo "2242"]

1.d4 d5 2.c4 c6 3.Nc3 Nf6 4.Nf3 dxc4 5.a4 Bf5 6.e3 Na6 7.Bxc4 Nb4 8.O-O e6
9.Qe2 a5 10.e4 Bg4 11.Rd1 Be7 12.Bf4 O-O 13.Rac1 Qb6 14.h3 Bxf3 15.Qxf3 Rfd8
16.Be3 Qc7 17.g4 Rd7 18.g5 Ne8 19.h4 Qd8 20.Qg4 Bf8 21.h5 Nd6 22.Bb3 Kh8
23.Kg2 b5 24.Ne2 Nc4 25.Bxc4 bxc4 26.Rxc4 c5 27.g6 f5 28.exf5 exf5 29.Qxf5 Rd5
30.Qg4 Ra6 31.gxh7 Rf6 32.Nf4 Kxh7 33.Kg1 Qd7 34.Qxd7 Rxd7 35.d5 Rf5 36.Ne6 Be7
37.Bxc5 Bxc5 38.Rxc5 Rdxd5 39.Rdxd5 Rxd5 40.Rxd5 Nxd5 41.Kf1 Nb6 42.b3 Nd7
43.Ke2 Kg8 44.Kd3 Kf7 45.Nd8+ Ke7 46.Nc6+ Kd6 47.Nxa5 Kc5 48.Kc3 Nf6 49.b4+ Kd5
50.b5 Nxh5 51.b6 Nf6 52.Kb4 Kd6 53.Kb5 Ne4 54.Nc4+ Kd7 55.a5 Nc3+ 56.Ka6 Na4
57.Ka7 Nc3 58.b7  1-0

[Event "Open A"]
[Site "Prague CZE"]
[Date "2008.01.14"]
[Round "4"]
[White "Mikusik,M"]
[Black "Gooding,I"]
[Result "0-1"]
[WhiteElo "2145"]
[BlackElo "1968"]

1.d4 d5 2.c4 c6 3.Nc3 dxc4 4.a4 Nf6 5.Nf3 Bf5 6.e3 e6 7.Bxc4 Bb4 8.O-O O-O
9.Qe2 Bg6 10.Ne5 Nbd7 11.Rd1 Qa5 12.Nxd7 Nxd7 13.Bd2 Nf6 14.e4 Rfd8 15.e5 Nd5
16.Bxd5 Bxc3 17.Bxc3 Qxd5 18.Bb4 Qe4 19.Qe3 h6 20.Bd6 Qxe3 21.fxe3 Be4 22.a5 f5
23.Rdc1 Rd7 24.a6 b6 25.Rc3 g5 26.b4 Kf7 27.b5 cxb5 28.Rac1 Rad8 29.g4 fxg4
30.Rf1+ Kg7 31.Bb4 Bf3 32.Rxf3 gxf3 33.Bd6 Kg6 34.e4 Rxd6 35.exd6 Rxd6 36.Rc7 Rxd4
37.Rxa7 Ra4 38.Ra8 b4 39.a7 Kh5 40.Rb8 Rxa7 41.Rxb6 Ra4 42.Rxe6 b3  0-1

[Event "ch-VEN w"]
[Site "San Felipe VEN"]
[Date "2008.01.14"]
[Round "2"]
[White "Han Wong,I"]
[Black "Araujo,Y"]
[Result "1/2-1/2"]
[WhiteElo "2096"]
[BlackElo "2012"]

1.d4 d5 2.c4 c6 3.Nf3 Nf6 4.Nc3 dxc4 5.a4 Bf5 6.Ne5 Nbd7 7.Nxc4 e6 8.g3 Bb4
9.Bg2 O-O 10.O-O Bxc3 11.bxc3 Ne4 12.Ba3 c5 13.Qb3 Qc7 14.Rfd1 Rfd8 15.Ne3 Bg6
16.d5 Qb6 17.Qxb6 axb6 18.dxe6 fxe6 19.Bb2 Ne5 20.Bh3 Kf7 21.f4 Nc6 22.f5 exf5
23.Rf1 Kg8 24.Nxf5 Rd2 25.Bc1 Rxe2 26.Bg4 Rc2 27.Bd1 Rxc3 28.Bb2 Rc4 29.Bb3 Na5
30.Ne7+ Kh8 31.Bxc4 Nxc4 32.Bc1 Bh5 33.Rf4 Ncd6 34.g4 Bf7 35.Bb2 Ng5 36.Kg2 Ne6
37.Rf2 Ng5 38.Nf5 Bd5+ 39.Kf1 Bc4+ 40.Kg2 Bd5+  1/2-1/2

[Event "ch-CUB"]
[Site "Santa Clara CUB"]
[Date "2008.01.14"]
[Round "7"]
[White "Almeida Quintana,O"]
[Black "Delgado,H"]
[Result "1/2-1/2"]
[WhiteElo "2500"]
[BlackElo "2342"]

1.d4 d5 2.Nf3 Nf6 3.c4 c6 4.Nc3 dxc4 5.a4 Bf5 6.e3 e6 7.Bxc4 Bb4 8.O-O Nbd7
9.Nh4 O-O 10.Nxf5 exf5 11.Qc2 g6 12.f3 Nb6 13.Bb3 f4 14.a5 Nbd5 15.exf4 Bxa5
16.f5 Nb4 17.Qd2 Bb6 18.Rd1 Kh8 19.Qh6 Qd7 20.fxg6 fxg6 21.Kh1 Nbd5 22.Bg5 Rae8
23.Qh4 Qf5 24.Rd2 Nxc3 25.Bxf6+ Qxf6 26.Qxf6+ Rxf6 27.bxc3 Re3 28.Rc1 Rd6
29.Bc4 Ba5 30.Rd3 Rxd3 31.Bxd3 c5 32.Be4 cxd4 33.cxd4 b5 34.d5 Bb6 35.Rb1 a6
36.h4 Bd4 37.Rc1 a5 38.Rc8+ Kg7 39.Rc7+ Kg8 40.Rc8+ Kf7 41.Rc7+ Kf8 42.Rb7 b4
43.Rb5 Bb6 44.g4 h6 45.g5 hxg5  1/2-1/2

[Event "ch-BLR"]
[Site "Minsk BLR"]
[Date "2008.01.15"]
[Round "6"]
[White "Lutsko,I"]
[Black "Mihajlovskij,S"]
[Result "0-1"]
[WhiteElo "2429"]
[BlackElo "2466"]

1.d4 d5 2.c4 c6 3.Nc3 Nf6 4.Nf3 dxc4 5.a4 Bf5 6.Nh4 Bc8 7.e3 Bg4 8.f3 Bd7
9.f4 b5 10.Be2 e6 11.O-O b4 12.Na2 c5 13.Bxc4 Nc6 14.f5 e5 15.Qb3 Qe7 16.dxc5 Na5
17.Qxb4 Qxc5 18.Qxc5 Bxc5 19.b3 Nxc4 20.bxc4 Ne4 21.a5 Rb8 22.Re1 f6 23.Re2 Ke7
24.Bb2 Rb3 25.Nc1 Rxe3 26.Rxe3 Bxe3+ 27.Kf1 Nd2+ 28.Ke2 Nxc4 29.Bc3 Bb5 30.Ke1 Rd8
31.Ra2 Bxc1  0-1

[Event "ASEAN Masters Circuit GMA"]
[Site "Tarakan INA"]
[Date "2008.01.15"]
[Round "7"]
[White "Ginting,Nas"]
[Black "Tirto"]
[Result "1/2-1/2"]
[WhiteElo "2393"]
[BlackElo "2413"]

1.Nf3 d5 2.d4 Nf6 3.c4 c6 4.Nc3 dxc4 5.a4 Bf5 6.Ne5 e6 7.f3 c5 8.e4 Bg6 9.Be3 cxd4
10.Bxd4 Nbd7 11.Nxc4 a6  1/2-1/2

[Event "Open A"]
[Site "Prague CZE"]
[Date "2008.01.17"]
[Round "8"]
[White "Plischki,S"]
[Black "Trichkov,V"]
[Result "1/2-1/2"]
[WhiteElo "2358"]
[BlackElo "2356"]

1.d4 d5 2.c4 c6 3.Nf3 Nf6 4.Nc3 dxc4 5.a4 Bf5 6.e3 e6 7.a5 Bd3 8.Bxd3 cxd3
9.Qb3 Na6 10.Qxb7 Nb4 11.Ne5 Nd7 12.Nxd7 Qc8 13.Qxc8+ Rxc8 14.Ra4 Kxd7 15.Bd2 Nc2+
16.Kd1 c5 17.dxc5 Bxc5 18.Ne4 Rhd8 19.Bc3 f6 20.Nxc5+ Rxc5 21.Rg4 g6 22.Kd2 Ke7
23.Rc1 Kf7 24.h4 e5 25.Ra4 f5 26.f3 h5 27.Rg1 a6 28.g3 Rd6 29.Rc1 Rd7 30.Rg1  1/2-1/2

[Event "6th Parsvnath Open"]
[Site "New Delhi IND"]
[Date "2008.01.19"]
[Round "9"]
[White "Batyrov,S"]
[Black "Dole,A"]
[Result "0-1"]
[WhiteElo "2471"]
[BlackElo "1879"]

1.d4 d5 2.Nf3 Nf6 3.c4 c6 4.Nc3 dxc4 5.a4 Bf5 6.e3 e6 7.Bxc4 Bb4 8.O-O Nbd7
9.Nh4 Bg6 10.f4 Nd5 11.Nxg6 hxg6 12.Bd2 N7b6 13.Bb3 a5 14.Rc1 Nf6 15.Qe2 Qe7
16.e4 Rd8 17.Bc2 Rxd4 18.Be3 Bc5 19.Bxd4 Bxd4+ 20.Kh1 Nxe4 21.Rf3 Qh4 22.g4 Nf2+
23.Rxf2 Bxf2  0-1

[Event "TCh-BEL 2007-8"]
[Site "Belgium BEL"]
[Date "2008.01.20"]
[Round "7"]
[White "Winants,L"]
[Black "Van der Stricht,G"]
[Result "1/2-1/2"]
[WhiteElo "2525"]
[BlackElo "2424"]

1.d4 Nf6 2.Nf3 d5 3.c4 c6 4.Nc3 dxc4 5.a4 Bf5 6.Nh4 Bc8 7.Nf3 Bf5 8.e3 e6
9.a5 Na6 10.Bxc4 Nb4 11.O-O Be7 12.Qe2 O-O 13.e4 Bg4 14.Rd1 b6 15.Bf4 bxa5
16.Na4 Bxf3 17.gxf3 Nh5 18.Bg3 Bg5 19.b3 Nf4 20.Qb2 Qf6 21.Nc5 Rfd8  1/2-1/2

[Event "ch-AZE"]
[Site "Baku AZE"]
[Date "2008.01.22"]
[Round "3"]
[White "Ibrahimov,R"]
[Black "Akhmedov,F"]
[Result "1-0"]
[WhiteElo "2527"]
[BlackElo "2246"]

1.Nf3 Nf6 2.c4 c6 3.Nc3 d5 4.d4 dxc4 5.a4 Bf5 6.Ne5 Nbd7 7.Nxc4 Nb6 8.Ne5 a5
9.f3 e6 10.g4 Bg6 11.h4 h5 12.g5 Nfd5 13.e4 Nb4 14.Nxg6 fxg6 15.Be3 Bd6 16.Qb3 Bg3+
17.Ke2 O-O 18.Bh3 Kh7 19.Bxe6 Nd7 20.Na2 Bd6 21.Nxb4 axb4 22.Bh3 Qe7 23.Qe6 Nb6
24.Qxe7 Bxe7 25.b3 Rfe8 26.Kf2 Nc8 27.Rhd1 Ra5 28.Rac1 Nd6 29.Bd7 Rf8 30.Ke2 Raa8
31.d5 cxd5 32.Rxd5 Rfd8 33.Rc7 Bf8 34.Bc5 Ra6 35.Bxb4 Be7 36.Bc5 b5 37.axb5 Ra2+
38.Ke3  1-0

[Event "Winter Open"]
[Site "Belgrade SRB"]
[Date "2008.01.25"]
[Round "4"]
[White "Rajcevic,S"]
[Black "Scepanovic,R"]
[Result "1/2-1/2"]
[WhiteElo "2154"]
[BlackElo "2284"]

1.d4 d5 2.c4 c6 3.Nf3 Nf6 4.Nc3 dxc4 5.a4 Bf5 6.e3 e6 7.Bxc4 Bb4 8.O-O O-O
9.Qe2 Nbd7 10.Rd1 Ne4 11.Nxe4 Bxe4 12.Bd2 Bd6 13.Bd3 Bxd3 14.Qxd3 Qe7 15.Bc3 Rfd8
16.Qe4 Nf6 17.Qh4 Nd5 18.Qxe7 Bxe7 19.e4 Nf6 20.Re1 c5 21.h3 Nd7 22.Red1 cxd4
23.Bxd4 Nc5 24.Bxc5 Bxc5 25.Rxd8+ Rxd8 26.Rc1 b6 27.Kf1 f6 28.Ke2 Kf7 29.Rc2 Ke7
30.Rd2 Rc8 31.Rc2 Rd8 32.Rd2 Rc8  1/2-1/2

[Event "6th ch-PriFO Men"]
[Site "Kazan RUS"]
[Date "2008.01.27"]
[Round "5"]
[White "Ayupov,D"]
[Black "Pushin,V"]
[Result "1/2-1/2"]
[WhiteElo "2373"]
[BlackElo "2297"]

1.d4 d5 2.c4 c6 3.Nc3 Nf6 4.Nf3 dxc4 5.a4 Bf5 6.e3 e6 7.Bxc4 Bb4 8.O-O O-O
9.Qe2 Bg6 10.Ne5 Nbd7 11.Nxg6 hxg6 12.Rd1 Qa5 13.e4 e5 14.d5 Nb6 15.dxc6 bxc6
16.Bd3 Rad8 17.Bg5 Nbd7 18.Bc4 Nb6 19.Bd3 Nbd7 20.Bc4  1/2-1/2

[Event "13th HIT Open A"]
[Site "Nova Gorica SLO"]
[Date "2008.01.29"]
[Round "5"]
[White "Krumpacnik,D"]
[Black "Tonon,A"]
[Result "1/2-1/2"]
[WhiteElo "2411"]
[BlackElo "2198"]

1.d4 d5 2.c4 c6 3.Nf3 Nf6 4.Nc3 dxc4 5.a4 Bf5 6.e3 e6 7.Bxc4 Bb4 8.O-O Nbd7
9.Qe2 Bg4 10.h3 Bxf3 11.Qxf3 Qa5 12.Ne4 O-O 13.Nxf6+ Nxf6 14.b3 e5 15.Bb2 e4
16.Qf4 Rae8 17.Rfc1 Nd5 18.Bxd5 cxd5 19.Qc7 Qxc7 20.Rxc7 Rb8 21.f3 f5 22.fxe4 fxe4
23.Rf1 Rxf1+ 24.Kxf1 Rf8+ 25.Ke2 Rf7 26.Rc8+ Rf8  1/2-1/2

[Event "FINEC GMA"]
[Site "St Petersburg RUS"]
[Date "2008.01.30"]
[Round "7"]
[White "Brodsky,M"]
[Black "Lintchevski,D"]
[Result "1/2-1/2"]
[WhiteElo "2572"]
[BlackElo "2440"]

1.d4 d5 2.c4 c6 3.Nc3 Nf6 4.Nf3 dxc4 5.a4 Bf5 6.Ne5 e6 7.f3 Bb4 8.g4 Bg6
9.h4 c5 10.dxc5 Qa5 11.Qd4 Bxc5 12.Qxc4 Nbd7 13.Nxd7 Nxd7 14.h5 Qc7 15.e3 Qg3+
16.Ke2 Bc2 17.Rh3 Qd6 18.Nb5 Qd1+ 19.Kf2 Bb3 20.Qc3 O-O 21.Be2 Qc2 22.Qxc2 Bxc2
23.Bd2 a6 24.Nd4 Bxd4 25.exd4 Bb3 26.Rhh1 Rfc8 27.Ra3 Bd5 28.Rc3 Rc6 29.a5 Rac8
30.Bd3 Nf6 31.g5 Ne8 32.Rxc6 Rxc6 33.Bb4 g6 34.Bc5 Ng7 35.hxg6 fxg6 36.Re1 Kf7
37.Be4 Rc7 38.Bd6 Rd7 39.Be5 Nf5 40.Rh1 Kg8 41.Rc1 Ne7 42.Bf6 Nc6 43.Rc5 Kf7
44.Ke3  1/2-1/2

[Event "6th Gibtelecom Masters"]
[Site "Gibraltar ENG"]
[Date "2008.01.31"]
[Round "10"]
[White "Banikas,H"]
[Black "Georgiev,Ki"]
[Result "1/2-1/2"]
[WhiteElo "2592"]
[BlackElo "2662"]

1.d4 d5 2.c4 c6 3.Nf3 Nf6 4.Nc3 dxc4 5.a4 Bf5 6.Ne5 Nbd7 7.Nxc4 Nb6 8.Ne5 a5
9.Bg5 h6 10.Bh4 Nbd5 11.e3 e6 12.Bd3 Bxd3 13.Nxd3 Be7 14.O-O O-O 15.Qb3 Qb6
16.Qxb6 Nxb6 17.Rac1 Rfe8 18.Rfd1 Nh5 19.Bxe7 Rxe7 20.b3 Nf6 21.f3 Nbd5 22.Kf2 Kf8
23.Ne2 Nd7 24.e4 N5f6 25.h4 h5 26.Nef4 e5 27.dxe5 Nxe5 28.Nxe5 Rxe5 29.Nd3 Re7
30.Nb2  1/2-1/2

[Event "ch-Kyiv Men"]
[Site "Kyiv UKR"]
[Date "2008.01.31"]
[Round "11"]
[White "Karnaukh,A"]
[Black "Perun,S"]
[Result "1/2-1/2"]
[WhiteElo "2246"]
[BlackElo "2352"]

1.d4 Nf6 2.Nf3 d5 3.c4 c6 4.Nc3 dxc4 5.a4 Bf5 6.e3 e6 7.Bxc4 Bb4 8.O-O Nbd7
9.Qe2 Bg6 10.Rd1 O-O 11.Bd3 Bh5 12.e4 e5 13.Be3 Re8 14.Bc2 Ng4 15.h3 Nxe3
16.fxe3 Qa5 17.Na2 Be7 18.b4 Qc7 19.Rab1 Bf6 20.d5 cxd5 21.Rxd5 Rac8 22.Bb3 Nf8
23.Rc5 Qe7 24.Rxc8 Rxc8 25.g4 Bg6 26.Bd5 Ne6 27.Rb3 h5 28.Nc3 hxg4 29.hxg4 Ng5
30.Nxg5 Bxg5 31.Kg2 b6 32.Kf3 Bh6 33.Qf2 Kh7 34.Ke2 a5 35.b5 Rc7 36.Qf3 Qc5
37.Qh3 Kg8 38.Qg3 Rd7 39.Kf2 Bg5 40.Ne2 Rxd5 41.exd5 Qxd5 42.Rc3 f6 43.Qf3 Be4
44.Qh3 Bh6 45.Qg3 Kh7 46.Qh3 Qd7 47.Qg3 Qd2 48.Qh3 Bd3 49.Rxd3 Qxd3 50.g5 fxg5
51.Qg4 g6 52.e4 Bf8 53.Qf3 Bc5+ 54.Kg2 Qd2 55.Kg3 Qe1+ 56.Kg2 Kg7 57.Qg4 Qf2+
58.Kh3 Be3 59.Ng3 Qd2 60.Qe6 g4+ 61.Kxg4 Qd1+ 62.Kh3 Bf4 63.Qe7+ Kg8 64.Qe8+ Kh7
65.Qe7+ Kh8 66.Qe8+ Kh7 67.Qe7+ Kh6 68.Qh4+  1/2-1/2

[Event "4th Open C Women"]
[Site "Moscow RUS"]
[Date "2008.02.03"]
[Round "2"]
[White "Grabuzova,T"]
[Black "Shulakova,S"]
[Result "1-0"]
[WhiteElo "2392"]
[BlackElo "2190"]

1.d4 d5 2.c4 c6 3.Nf3 Nf6 4.Nc3 dxc4 5.a4 Bf5 6.e3 e6 7.Bxc4 Bb4 8.O-O Nbd7
9.Nh4 Bg6 10.Qe2 Nd5 11.g3 Nxc3 12.bxc3 Bxc3 13.Nxg6 hxg6 14.Rb1 Rb8 15.Ba3 Nf6
16.Qc2 Qa5 17.Rfc1 Qh5 18.h4 Ba5 19.Ba6 Bb6 20.Bxb7 Rxb7 21.Qxc6+ Rd7 22.Rb5 Qg4
23.a5 Bc7 24.Rb7 Nd5 25.Rxa7 Ne7 26.Ra8+ Bd8 27.Rxd8+  1-0

[Event "FSGM February"]
[Site "Budapest HUN"]
[Date "2008.02.04"]
[Round "3"]
[White "Prohaszka,P2"]
[Black "Arngrimsson,D"]
[Result "1-0"]
[WhiteElo "2495"]
[BlackElo "2359"]

1.d4 d5 2.c4 c6 3.Nc3 Nf6 4.Nf3 dxc4 5.a4 Bf5 6.Ne5 Nbd7 7.Nxc4 Nb6 8.Ne5 a5
9.Bg5 h6 10.Bh4 g5 11.Bg3 Bg7 12.e3 e6 13.h4 Qe7 14.Bd3 Nbd5 15.hxg5 hxg5
16.Rxh8+ Bxh8 17.Nc4 Bxd3 18.Qxd3 Rd8 19.O-O-O Qb4 20.e4 Nxc3 21.bxc3 Qxa4
22.Nd6+ Ke7 23.Kb2 c5 24.dxc5 Rd7 25.Ra1 Qc6 26.Rxa5 b6 27.Qb5 Qxb5+ 28.Rxb5 bxc5
29.Rb8 Rxd6 30.Bxd6+ Kxd6 31.Rxh8 Nxe4 32.f3 Ng3 33.Rf8 Ke7 34.Rg8 f6 35.Kb3 Nf5
36.Ra8 Kd6 37.Ra2 Kc6 38.Kc4 Nd6+ 39.Kd3 Kd5 40.Ra8 e5 41.Rd8 c4+ 42.Ke3 f5
43.Rg8 Nf7 44.Ra8 Nd6 45.Ra5+ Ke6 46.Rc5 f4+ 47.Ke2 Kf6 48.Rc6 Ke6 49.Rc7 Kf5
50.Rc5 Ke6 51.Ke1 Kf6 52.Kd1 Kf5 53.Ke1 Ke6 54.Ke2 Kf6 55.Kf1 e4 56.Ke2 e3
57.g4 fxg3 58.Kxe3 Nf5+ 59.Ke2 g2 60.Kf2 Ne3 61.Kg1 Kg6 62.Ra5 Nd1 63.Ra4 Nxc3
64.Rxc4 Nd5 65.Rc6+ Kh5 66.Kxg2 Nf4+ 67.Kg3 Ne2+ 68.Kf2 Nf4 69.Rb6 Nd5 70.Rd6 Nf4
71.Ke3 Ng2+ 72.Ke4 Nh4 73.Ra6 Ng6 74.Ra1 Nh4 75.Rh1 g4 76.f4 g3 77.Ra1 Kg4
78.Ra8 Kh3 79.Rg8 Kg2 80.Rg4 Kh3 81.Rg5 Kh2 82.Ke3 Ng2+ 83.Kf3 Ne1+ 84.Ke2 Ng2
85.f5 Kh3 86.f6  1-0

[Event "4th Open C Women"]
[Site "Moscow RUS"]
[Date "2008.02.09"]
[Round "8"]
[White "Fominykh,M"]
[Black "Zhukova,N"]
[Result "0-1"]
[WhiteElo "2305"]
[BlackElo "2443"]

1.d4 d5 2.c4 c6 3.Nf3 Nf6 4.Nc3 dxc4 5.a4 Bf5 6.e3 e6 7.Bxc4 Bb4 8.O-O O-O
9.h3 Nbd7 10.Nh4 a5 11.Bb3 Ne4 12.Nxf5 exf5 13.Qc2 Ndf6 14.Ne2 Qe7 15.f3 Nd6
16.Ng3 g6 17.e4 fxe4 18.Bg5 e3 19.Ne4 Nde8 20.Bxe3 Nd5 21.Bh6 Ng7 22.Rf2 f6
23.Re2 Rfe8 24.Nc3 Qd7 25.Ne4 Kf7 26.Rd1 Nf5 27.Bc1 Kg7 28.Qd3 Rad8 29.Nc5 Qf7
30.Rxe8 Rxe8 31.Bd2 b6 32.Ne4 Qd7 33.Bc3 Nfe3 34.Rd2 f5 35.Bxb4 axb4 36.Bxd5 Nxd5
37.Ng3 Re3 38.Qc4 Qd6 39.Kf2 h5 40.Re2 h4 41.Nf1 Rxe2+ 42.Qxe2 Nf4 43.Qc4 Ne6
44.d5 cxd5 45.Qxh4 Qc5+ 46.Kg3 g5 47.Qh5 Qg1 48.Qe8 f4+ 49.Kg4 Qxg2+ 50.Ng3 Qxg3+
51.Kf5 Nd4+ 52.Ke5 Qe1+  0-1

[Event "KNSB TCh-NED 2007-8"]
[Site "Netherlands NED"]
[Date "2008.02.09"]
[Round "6"]
[White "Ikonnikov,Vy"]
[Black "Cuijpers,F"]
[Result "1/2-1/2"]
[WhiteElo "2564"]
[BlackElo "2495"]

1.d4 d5 2.Nf3 Nf6 3.c4 c6 4.Nc3 dxc4 5.a4 Bf5 6.e3 e6 7.Bxc4 Bb4 8.O-O Nbd7
9.Qe2 O-O 10.e4 Bg6 11.Bd3 h6 12.Rd1 a6 13.Bf4 Rc8 14.h3 Re8 15.e5 Nd5 16.Nxd5 cxd5
17.Bxg6 fxg6 18.Qd3 g5 19.Be3 Qe7 20.Rac1 Nb8 21.Rxc8 Rxc8 22.g4 Nc6 23.Kg2 Rf8
24.Qg6 Qf7 25.Qxf7+ Kxf7 26.Kf1 Rc8 27.Rc1 Ke8 28.h4 gxh4 29.Nxh4 Kf7 30.f4 Be7
31.Nf3 h5 32.gxh5 Rh8 33.Kg2 Rxh5 34.Bd2 Ke8 35.Kf2 Kd7 36.Rg1 Bf8 37.Rc1 Be7
38.Rg1 Bf8 39.Rc1  1/2-1/2

[Event "TCh-BEL 2007-8"]
[Site "Belgium BEL"]
[Date "2008.02.10"]
[Round "8"]
[White "Bertrem,S"]
[Black "Savchenko,S"]
[Result "1/2-1/2"]
[WhiteElo "2212"]
[BlackElo "2558"]

1.Nf3 d5 2.d4 Nf6 3.c4 c6 4.Nc3 dxc4 5.a4 Bf5 6.e3 e6 7.Bxc4 Bb4 8.O-O Nbd7
9.Qb3 a5 10.Na2 Be7 11.Qxb7 Rb8 12.Qa6 Ra8 13.Qxc6 Rc8 14.Qb5 Rb8  1/2-1/2

[Event "Velammal 45th National A ch-IND"]
[Site "Chennai IND"]
[Date "2008.02.14"]
[Round "12"]
[White "Lalith,B"]
[Black "Sundararajan,K"]
[Result "0-1"]
[WhiteElo "2299"]
[BlackElo "2442"]

1.Nf3 d5 2.d4 Nf6 3.c4 c6 4.Nc3 dxc4 5.a4 Bf5 6.Nh4 e6 7.Nxf5 exf5 8.e3 Bb4
9.Bxc4 O-O 10.O-O Nbd7 11.Qc2 g6 12.f3 Rc8 13.Qf2 c5 14.Bb3 Qb6 15.Nd5 Nxd5
16.Bxd5 Nf6 17.Ba2 Rfd8 18.e4 cxd4 19.Bg5 Re8 20.exf5 Re2 21.a5 Qb5 22.Qh4 Rcc2
23.Qg3 Qxf5 24.Bh6 Bd6 25.Qxd6 Rxg2+ 26.Kh1 Rxh2+ 27.Qxh2 Rxh2+ 28.Kxh2 Qh5+
29.Kg2 Qxh6 30.Rad1 Qg5+ 31.Kf2 Qxa5 32.Bc4 Qc5 33.Rc1 d3+ 34.Kg2 Qg5+ 35.Kh2 d2
36.Rc2 Qh4+ 37.Kg1 Qd4+  0-1

[Event "Festival des Jeux"]
[Site "Cannes FRA"]
[Date "2008.02.15"]
[Round "7"]
[White "Gladyszev,O"]
[Black "Felgaer,R"]
[Result "0-1"]
[WhiteElo "2485"]
[BlackElo "2539"]

1.d4 d5 2.c4 c6 3.Nf3 Nf6 4.Nc3 dxc4 5.a4 Bf5 6.Ne5 Nbd7 7.Nxc4 Nb6 8.Ne5 a5
9.Bg5 g6 10.e3 Bg7 11.Bd3 Be6 12.O-O Nfd5 13.Bh4 Nxc3 14.bxc3 Bxe5 15.dxe5 Nd7
16.f4 Nc5 17.Bc2 Qxd1 18.Rfxd1 Bf5 19.Bxf5 gxf5 20.c4 b6 21.Be1 O-O 22.Kf1 Rfd8
23.Rdb1 Rab8 24.Ke2 f6 25.exf6 exf6 26.Ra2 Kf7 27.Bc3 Ne4 28.Be1 Nc5 29.Bc3 Rb7
30.g3 Rdd7 31.Raa1 Ne4 32.Be1 Ke6 33.Rb2 Nc5 34.Bc3 Ne4 35.Be1 Nc5 36.Bc3 h5
37.Bd4 Ne4 38.Ra3 c5 39.Bc3 Nd6 40.Rab3 Nxc4 41.Rb1 Rd6 42.Be1 Rc6 43.Kf3 Rd7
44.h3 Rg7 45.e4 fxe4+ 46.Kxe4 f5+ 47.Kd3 Kd5 48.Rd1 Rd6 49.Kc2+ Kc6 50.Rxd6+ Nxd6
51.Re3 Ne4 52.Kb3 Rg6 53.Kc4 Rd6 54.Bc3 Rd1 55.Be5 Rc1+ 56.Kb3 Rg1 57.g4 hxg4
58.hxg4 Rxg4 59.Re1 Rg3+ 60.Kb2 Rg2+ 61.Ka3 Rg3+ 62.Kb2 c4 63.Rh1 Rg2+ 64.Ka3 Rg3+
65.Kb2 Kc5 66.Rh6 Rg2+ 67.Ka3 Nd2 68.Rh1 Rg3+ 69.Kb2 Rg2 70.Ka3 Re2 71.Bg7 Rf2
72.Rd1 Rf3+ 73.Kb2 Ne4 74.Bd4+ Kc6 75.Rh1 Nc5 76.Rh6+ Kd5 77.Bg1 Nxa4+ 78.Kc2 Rxf4
79.Bxb6 Nxb6 80.Rxb6 Kc5 81.Ra6 Rf2+ 82.Kc3 Rf3+ 83.Kc2 Kb4 84.Rb6+ Kc5 85.Ra6 Kb5
86.Ra8 Rf2+ 87.Kc3 Rf3+ 88.Kc2 f4 89.Rb8+ Kc5 90.Ra8 Rf2+ 91.Kc3 Rf3+ 92.Kc2 Ra3
93.Kb2 Rb3+ 94.Kc2 Kd4 95.Rxa5 f3  0-1

[Event "67th ch-GEO KO"]
[Site "Tbilisi GEO"]
[Date "2008.02.16"]
[Round "1.2"]
[White "Morchiashvili,B"]
[Black "Bregadze,L"]
[Result "1/2-1/2"]
[WhiteElo "2434"]
[BlackElo "2427"]

1.d4 d5 2.Nf3 Nf6 3.c4 c6 4.Nc3 dxc4 5.a4 Bf5 6.Ne5 Nbd7 7.Nxc4 Qc7 8.Bg5 e5
9.e3 Bb4 10.Bd3 exd4 11.exd4 Bxd3 12.Qxd3 O-O 13.O-O Bd6 14.h3 Rfe8 15.Qf3 h6
16.Be3 Nb6 17.Nxb6 Qxb6 18.a5 Qxb2 19.Rfc1 Qb4 20.a6 bxa6 21.Rxa6 Rec8 22.Rxc6 Rxc6
23.Qxc6 Rd8 24.g4 Qb8 25.Rb1 Qc8 26.Qxc8 Rxc8 27.Rb3 a5 28.Kf1 Rc4 29.Ke2 a4  1/2-1/2

[Event "TCh-HUN 2007-8"]
[Site "Budapest HUN"]
[Date "2008.02.17"]
[Round "6"]
[White "Kovacs,Ga2"]
[Black "Kiss,Pa1"]
[Result "1/2-1/2"]
[WhiteElo "2499"]
[BlackElo "2370"]

1.d4 d5 2.c4 c6 3.Nf3 Nf6 4.Nc3 dxc4 5.a4 Bf5 6.Ne5 Nbd7 7.Nxc4 Nb6 8.Ne5 a5
9.e3 h6 10.g4 Bh7 11.Bg2 e6 12.O-O Bb4 13.f4 Nfd7 14.Nd3 Nf6 15.Ne5 Nfd7
16.Nd3 Nf6 17.Nf2 O-O 18.Na2 Be7 19.b3 Ne8 20.Bb2 Nd5 21.Qf3 f5 22.Nc3 Nec7
23.Ne2 Bd6 24.Ng3 Rf7 25.gxf5 exf5 26.Nd3 Qh4 27.Ne5 Rff8 28.Kh1 Nf6 29.Ne2 Ne4
30.Rad1 Nd5 31.Nc4 Bb4 32.Ng3 Bg6 33.Nxe4 fxe4 34.Qh3 Qxh3 35.Bxh3 Bh5 36.Rc1 Bf3+
37.Kg1 Rf6 38.Kf2 b5 39.Ne5 Bd2 40.Rxc6 Bxe3+ 41.Ke1 Nxf4 42.Rxf6 gxf6 43.Nxf3 Nxh3
44.Nd2 Bxd2+ 45.Kxd2 bxa4 46.bxa4 Kf7 47.d5 Ra6 48.Ke3 Ng5 49.Bc3 Ke7 50.h4 Nf3
51.Kxe4 Nxh4 52.Rh1 Ng6 53.Rxh6 Nf8 54.Kd3 Nd7 55.Kc4 Ra8 56.Kb5 Kd6 57.Bxa5 Kxd5
58.Bc7 Rc8 59.Rh5+ f5 60.Bb6 Nxb6 61.Kxb6 Ke4 62.a5 f4 63.a6 f3 64.a7 Ra8
65.Kb7 Rxa7+ 66.Kxa7 f2 67.Rh1 Ke3 68.Kb6 Ke2 69.Kc5 f1=R 70.Rxf1 Kxf1  1/2-1/2

[Event "67th ch-GEO KO"]
[Site "Tbilisi GEO"]
[Date "2008.02.17"]
[Round "1.4"]
[White "Morchiashvili,B"]
[Black "Bregadze,L"]
[Result "0-1"]
[WhiteElo "2434"]
[BlackElo "2427"]

1.d4 d5 2.c4 c6 3.Nf3 Nf6 4.Nc3 dxc4 5.a4 Bf5 6.Ne5 Nbd7 7.Nxc4 Qc7 8.g3 e5
9.dxe5 Nxe5 10.Bf4 Rd8 11.Qc1 Bd6 12.Nxd6+ Qxd6 13.Bg2 O-O 14.O-O a6 15.b4 Qe6
16.b5 axb5 17.axb5 cxb5 18.Nxb5 Nc6 19.Re1 Bh3 20.Bh1 Rd7 21.Qb2 Rfd8 22.Rac1 h6
23.Nc7 Qf5 24.Qxb7 Nd4 25.Qb2 Qh5 26.f3 Qa5 27.Ra1 Qc5 28.e3 Nc2 29.Na6 Qc4
30.Rac1 Nxe1 31.Rxc4 Rd1 32.Qe2 R8d2 33.Qxd2 Nxf3+ 34.Kf2 Rxd2+  0-1

[Event "6th Festival Gp A"]
[Site "Nancy FRA"]
[Date "2008.02.18"]
[Round "1"]
[White "Gozzoli,Y"]
[Black "Nezar,M"]
[Result "1-0"]
[WhiteElo "2510"]
[BlackElo "2404"]

1.d4 d5 2.c4 c6 3.Nf3 Nf6 4.Nc3 dxc4 5.a4 Bf5 6.Ne5 Nbd7 7.Nxc4 Nb6 8.Ne5 a5
9.g3 e6 10.Bg2 Bb4 11.O-O O-O 12.e3 Qe7 13.g4 Bg6 14.h4 Nfd5 15.h5 f6 16.Nxg6 hxg6
17.hxg6 Qe8 18.Qb3 Qxg6 19.e4 Nc7 20.Na2 Qxg4 21.Nxb4 axb4 22.Qxb4 Ra6 23.Ra3 Qe2
24.a5 Qc4 25.Bd2 Qxb4 26.Bxb4 Nc4 27.Rc3 Nxa5 28.Bxf8 Kxf8 29.Ra1 Nb5 30.Bf1 Nxc3
31.Bxa6 Nb3 32.Ra3 Nxe4 33.Rxb3 bxa6 34.Rb6 Nd2 35.Kg2 a5 36.Rxc6 Kf7 37.Rc3 g5
38.Rc7+ Kg6 39.f3 Nb3 40.Rc4 Kf7 41.Kf2 Ke7 42.Ke3 Kd6 43.Rc3 a4 44.Rc4 Na5
45.Rxa4 Nc6 46.b4 Ne7 47.b5 Kd5 48.Ra7 Kd6 49.Ra6+ Kd5 50.Kd3 Nf5 51.Ra8 Kd6
52.Rf8 Ke7 53.Rc8 Kd7 54.Rc5 Nd6 55.b6 f5 56.Rc7+ Kd8 57.Rg7 g4 58.b7  1-0

[Event "Stillwater Winter FIDE"]
[Site "Oklahoma USA"]
[Date "2008.02.18"]
[Round "7"]
[White "Holt,C"]
[Black "Donaldson,J"]
[Result "1/2-1/2"]
[WhiteElo "2169"]
[BlackElo "2420"]

1.d4 d5 2.c4 c6 3.Nc3 Nf6 4.Nf3 dxc4 5.a4 Bf5 6.e3 e6 7.Bxc4 Bb4 8.O-O O-O
9.Ne5 c5 10.g4 Bg6 11.f3 cxd4 12.exd4 Nc6 13.Nxg6 hxg6 14.Be3 Rc8 15.Qd3 Be7
16.Rac1 Nb4 17.Qe2 Nbd5 18.Bd2 Nb6 19.Bb3 Qxd4+ 20.Be3 Qxe3+ 21.Qxe3 Bc5
22.Qxc5 Rxc5 23.Nb5 Rxc1 24.Rxc1 Rc8 25.Rd1 a6 26.Nd6 Rc7 27.g5 Nh5 28.a5 Nd5
29.Bxd5 exd5 30.Rxd5 Nf4 31.Rd2 Nh3+ 32.Kg2 Nxg5 33.b4 Rd7 34.Kf2 Kf8 35.Nc4 Rxd2+
36.Nxd2 Ke7 37.Ke3 Ne6 38.Nc4 f5 39.Ne5 g5 40.Nc4 Kd7 41.Kd3 Kc6 42.Kc3 g6
43.Ne5+ Kd5 44.Nxg6 g4 45.fxg4 fxg4 46.Kd3 Ng5 47.Nf4+ Kc6 48.Kc4 Nf3 49.h3 Nd2+
50.Kd3 gxh3 51.Nxh3 Kb5 52.Kxd2 Kxb4 53.Nf4 Kxa5 54.Kc3 Ka4 55.Kb2 b5 56.Nd5 a5  1/2-1/2

[Event "1st Pfalz Open"]
[Site "Neustadt a.d. Weinstrasse GER"]
[Date "2008.02.19"]
[Round "5"]
[White "Postny,E"]
[Black "Milov,L"]
[Result "1-0"]
[WhiteElo "2627"]
[BlackElo "2482"]

1.d4 d5 2.c4 c6 3.Nf3 Nf6 4.Nc3 dxc4 5.a4 Bf5 6.Nh4 Bg6 7.Nxg6 hxg6 8.e3 e6
9.Bxc4 Bb4 10.h3 Nbd7 11.O-O O-O 12.Qb3 Qb6 13.Rd1 Rad8 14.Na2 Be7 15.Bd2 Qxb3
16.Bxb3 c5 17.Rac1 Rc8 18.a5 cxd4 19.exd4 Nb8 20.Bb4 Bxb4 21.Nxb4 Rfd8 22.d5 exd5
23.Rxc8 Rxc8 24.Nxd5 Kf8 25.Nxf6 gxf6 26.h4 Ke7 27.Re1+ Kf8 28.Rd1 Ke7 29.Rd5 Nd7
30.Rb5 b6 31.axb6 axb6 32.g3 Rc6 33.Rd5 Nc5 34.Bd1 Rd6 35.Rxd6 Kxd6 36.g4 Ke5
37.h5 gxh5 38.gxh5 Kf5 39.f4 Ne6 40.Bc2+ Kxf4 41.h6 Ng5 42.h7 Nxh7 43.Bxh7  1-0

[Event "Breizh Masters B"]
[Site "Guingamp FRA"]
[Date "2008.02.23"]
[Round "2"]
[White "Van Dongen,P"]
[Black "Mullon,J"]
[Result "1/2-1/2"]
[WhiteElo "2371"]
[BlackElo "2329"]

1.d4 d5 2.c4 c6 3.Nf3 Nf6 4.Nc3 dxc4 5.a4 Bf5 6.Nh4 Bc8 7.Nf3 Bf5 8.Nh4 Bc8
9.e3 e5 10.Bxc4 exd4 11.exd4 Be7 12.O-O O-O 13.Re1 Na6 14.Bg5 Nc7 15.Qb3 Nfd5
16.Bxe7 Nxe7 17.Nf3 Be6 18.Bxe6 Nxe6 19.Qxb7 Rb8 20.Qxa7 Ra8 21.Qb7 Rb8 22.Qa7 Ra8
23.Qb7 Rb8 24.Qa6 Rxb2 25.Qc4 Nd5 26.Qxc6 Nb4 27.Qe4 Qc8 28.Rec1 Qa6 29.Rab1 Nd3
30.Rxb2 Nxb2 31.Qc2 Nd3 32.Rd1 Nef4 33.g3 Nh3+ 34.Kg2 Nhxf2 35.Rd2 Rc8  1/2-1/2